Pakistan Engineering Congress Centenary Celebration (1912-2012) (Record no. 234460)

000 -LEADER
fixed length control field nam a22 7a 4500
003 - CONTROL NUMBER IDENTIFIER
control field Nust
005 - DATE AND TIME OF LATEST TRANSACTION
control field 20170321112820.0
008 - FIXED-LENGTH DATA ELEMENTS--GENERAL INFORMATION
fixed length control field 170321b xxu||||| |||| 00| 0 eng d
020 ## - INTERNATIONAL STANDARD BOOK NUMBER
International Standard Book Number 9789696030157
040 ## - CATALOGING SOURCE
Transcribing agency 0
082 ## - DEWEY DECIMAL CLASSIFICATION NUMBER
Classification number 104.5 HUS
100 ## - MAIN ENTRY--PERSONAL NAME
Personal name Hussain,Ch Ghulam
245 ## - TITLE STATEMENT
Title Pakistan Engineering Congress Centenary Celebration (1912-2012)
260 ## - PUBLICATION, DISTRIBUTION, ETC.
Place of publication, distribution, etc. Lohore
Name of publisher, distributor, etc. PEC
Date of publication, distribution, etc. 2012
300 ## - PHYSICAL DESCRIPTION
Extent 484 p
Other physical details H.B
500 ## - GENERAL NOTE
General note H.B.
942 ## - ADDED ENTRY ELEMENTS (KOHA)
Source of classification or shelving scheme
Koha item type Book
Call number prefix 104.5 HUS
Holdings
Withdrawn status Lost status Source of classification or shelving scheme Damaged status Not for loan Collection code Permanent Location Current Location Shelving location Date acquired Total Checkouts Full call number Barcode Date last seen Price effective from Koha item type
            Institute of Environmental Science and Engineering (IESE) Institute of Environmental Science and Engineering (IESE) General Stacks 03/21/2017   104.5 HUS IESE-3874 03/21/2017 03/21/2017 Book
© 2023 Central Library, National University of Sciences and Technology. All Rights Reserved.